Football joueur français qui ont gagné le ballon d'or - Statistiques

Statistiques générales
  • Ce quiz a été pris 106 fois
  • Le résultat moyen est 5 sur 6
Statistiques - réponses
Nombre de victoires Joueurs % Correct
1 Zidane
98%
1 Dembelé
97%
1 Benzema
93%
3 Platini
93%
1 Papin
75%
1 Kopa
67%
Aucun quiz correspondant
Distribution des résultats
% des personnes avec chaque résultat
Percentile par nombre de réponses
Votre historique - résultats
Vous n’avez pas pris ce quiz